000 03206nam0a2200421 4500
001 RU\NLR\BIBL_A\012888230
005 20221214151810.0
010 _a978-5-85006-395-5
_9100
021 _aRU
_bКН-П-22-048708
_9КН-П-22-4220
035 _a(NLR Aleph) 012888230
035 _a(RuMoRGB)011155686
090 _a12542420
_c12542420
100 _a20220914d2022 u y0rusy50 ca
101 0 _arus
102 _aRU
105 _aa z 000zy
181 0 _ai
_baxxe
182 0 _an
200 1 _aРождаемость и поддержка рождаемости в России и мире в период пандемии коронавируса
_fМакаренцева А. О. - канд. экон. наук, Казенин К. И. - канд. филол. наук, Середкина Е. А., Макаров С. А.
_gРАНХиГС Российская академия народного хозяйства и государственной службы при Президенте Российской Федерации
203 _aТекст
_bвизуальный
_cнепосредственный
210 _aМосква
_cДело
_d2022
215 _a87, [1] с.
_cил., цв. ил., табл.
_d21
225 1 _aНаучные доклады
_iСоциальная политика
_v22/2
320 _aБиблиогр.: с. 81-88 (91 назв.)
320 _aАвт. указаны на обороте тит. с.
330 _aВ докладе проанализированы тенденции рождаемости в России и мире на фоне разворачивающейся пандемии коронавируса. Обозначены основные направления трансформации репродуктивного поведения населения России. Показано, что во многих западных странах наблюдалось снижение рождаемости, начавшееся в ноябре 2020 г. и продолжающееся - но в разной степени - в 2021 г. В России помесячная динамика числа родившихся в 2021 г. демонстрирует колебания по сравнению с 2020 г., но не падение
606 1 _aРождаемость
_xСтатистика
_yРоссийская Федерация
_92392474
_3RU\NLR\AUTH\661426651
686 1 _aС73(2Р)74-241
701 1 _7ca
_8rus
_aМакаренцева
_bА. О.
_gАлла Олеговна
_9247696
_3RU\NLR\AUTH\770247752
701 1 _aКазенин
_bК. И.
_gКонстантин Игоревич
701 1 _aСередкина
_bЕ. А.
_gЕкатерина Андреевна
701 1 _7ca
_8rus
_aМакаров
_bС. А.
_cсоциолог
_9250034
_3RU\NLR\AUTH\770250090
712 0 2 _4570
_aРоссийская академия народного хозяйства и государственной службы
_9844882
_3RU\NLR\AUTH\8810174408
942 _cBOOK
980 _aNB